Responses for show #2294 - Thursday, July 21, 1994

1994 Seniors Tournament final game 1.

Contestants

[<< previous game]

Joe Clonick, a composer and musician originally from Chicago, Illinois

Bart Thomas, a marine art dealer from Bridgewater, New Jersey

Jim Brachman, a retired attorney from Boca Raton, Florida

[next game >>]

Jeopardy! Round responses

SENIORS IN HISTORY
MOVIE NOSTALGIA
GEOGRAPHY
MUSIC
HINTS FROM HELOISE
ANCIENT QUOTATIONS
    $100 16
Catherine the Great

Bart
    $100 21
Fay Wray

Bart
    $100 1
Africa

Jim
    $100 6
the tusk

Bart
    $100 11
ice cubes

Jim
    $100 24
done

Jim
    $200 17
Eleanor

Joe
    $200 22
Sonja Henie

Joe
    $200 2
Montreal

Bart
    $200 7
a guitar

Bart
    $200 12
dolls

Jim
    $200 25
grow fonder

Bart
    $300 18
(Juan) PerĂ³n

Jim
    $300 23
Edith Head

Joe
    $300 3
Delphi

Bart
    $300 8
the Metropolitan

Bart
    $300 13
[Laughter as Alex finishes reading the clue]

a hanger

Joe
    $300 26
wine

Joe
    $400 19
Clara Barton

Bart
    $400 29
Judy Garland

Bart
    $400 4
Italy

Bart
    $400 9
Mitch Miller

Jim
    $400 14
(Joe: Oh, what is lipstick?)

nail polish

BartJoe
    $400 27
Love

Joe
    $500 20
Mountbatten

Bart
    $500 30
(Bart: Who is Jimmy Stewart?)

(Clark) Gable

JimBart
    $900 5
Germany

Bart
    $500 10
the Marine Corps

Bart
    $500 15
ski masks

Bart
    $500 28
(Jim: Who is Caesar?)
(Alex: Be more specific.)

Julius Caesar

Jim

Scores at the first commercial break (after clue 15):

Jim Bart Joe
$800 $3,800 -$100

Scores at the end of the Jeopardy! Round:

Jim Bart Joe
$2,200 $5,000 $1,300

Double Jeopardy! Round responses

WOODROW WILSON
MAMMALS
FOREIGN ARCHITECTURE
LESSER KNOWN NAMES
THE INCOME TAX
BESTSELLERS
    $200 2
the League of Nations

Joe
    $200 10
a giraffe

Joe
    $200 1
the Great Wall of China

Bart
    $200 18
(Bart: Who is Lady Jane Grey?)

Mary, Queen of Scots

Bart
Triple Stumper
    $200 9
(Joe: What's the Spanish-American War?)

the Civil War

BartJoe
    $200 23
Jaws

Joe
    $400 5
(Pancho) Villa

Bart
    $400 11
a polar bear

Jim
    $400 3
a teahouse

Jim
    $400 19
Shakespeare

Bart
    $400 12
exemptions

Bart
    $400 24
(James) Clavell

Bart
    $600 6
Princeton

Bart
    $600 13
a flying squirrel

Bart
    $600 4
an inn

Bart
    $600 20
the Northwest Passage

Joe
    $600 25
(Bart: What is Schedule B?)

Schedule A

Bart
Triple Stumper
    $1,000 28
(Joe: I have no idea.)
...
(Alex: Bart knew that, so it's just as well he didn't get it.)
[Laughter]

The Thorn Birds

Joe
    $800 7
(Jim: What are covenants?)

victory

Jim
Triple Stumper
    $800 14
koala bears

Bart
    $2,500 16
a kremlin

Joe
    $800 21
Hannibal

Joe
    $800 26
capital gains

Joe
    $800 29
The Bridges of Madison County

Jim
    $1000 8
Taft & Teddy Roosevelt

Jim
    $1000 15
a Clydesdale

Joe
    $1000 17
a campanile

Bart
    $1000 22
Wasserman

Joe
    $1000 27
Schedule C

Joe
    $1000 30
Rod McKuen

Triple Stumper

Scores at the end of the Double Jeopardy! Round:

Jim Bart Joe
$4,000 $9,800 $8,400

Final Jeopardy! Round responses

HISTORIC DYNASTIES
JimWho were Medicis Sforza
$1,500
JoeWhat is Medici?
$1,600
BartWhat is Sforza
$2,200
Sforza

Final scores:

Jim Bart Joe
$5,500 $12,000 $6,800

Game dynamics:

Coryat scores:

Jim Bart Joe
$4,000 $9,400 $7,700
12 R,
1 W
27 R
(including 1 DD),
3 W
16 R
(including 1 DD),
3 W
(including 1 DD)

Combined Coryat: $21,100

The J! Archive is created by fans, for fans. Scraping, republication, monetization, and malicious use prohibited; this site may use cookies and collect identifying information. See terms. The Jeopardy! game show and all elements thereof, including but not limited to copyright and trademark thereto, are the property of Jeopardy Productions, Inc. and are protected under law. This website is not affiliated with, sponsored by, or operated by Jeopardy Productions, Inc. Join the discussion at JBoard.tv.